Ťahanovčania sú spokojní s obchádzkou autobusov Zdena: profesori mi neverili meškanie

Bibliographic Details
Format: Article
Language:Slovak
PhysicalDescription:Fotogr.
ISSN:1335-4566
Subjects:

MARC

LEADER 00000nab a2200000 a 4500
001 vtls009959696
003 SK-MaSNL
005 20260305000554.0
008 091014c20091014xo drz 0 0slo
038 |a KEVKJB 
040 |a KEVKJB  |b slo  |c KEVKJB  |e AACR2 
041 0 |a slo 
044 |a xo  |c SK 
080 |a 656.121  |2 2001 
245 0 0 |a Ťahanovčania sú spokojní s obchádzkou autobusov  |b Zdena: profesori mi neverili meškanie  |c [autor] (sam) 
300 |b Fotogr. 
650 0 7 |a mestská hromadná doprava  |2 snkbucl  |9 71604 
650 0 7 |a doprava  |2 kevkjb  |9 1777 
651 7 |a Košice (Slovensko)  |2 kevkjb  |9 18694 
651 7 |a Ťahanovce (Košice I, Slovensko)  |2 kevkjb  |9 168684 
773 0 |t Košický Korzár  |g Roč. XII, č. 237 (14.10.2009), s. 2  |x 1335-4566 
852 |a KEVKJB  |b KIS3GCP 
999 |c 3214493  |d 3216423